Datum a čas kvízu

36.5 Celkem bodů Celkový počet nahraných bodů na tomto kvízu bez doplňovacích otázek.
3. Pořadí na kvízu Konečné umístění týmu na tomto kvízu.

Zaznamenané odpovědi

# Otázka Odpověď Body Výsledky
1. Ve středu se uskutečnilo letoš... Jablonec nad Nisou 0
2. Farmáři z australského Nového... borůvka 1
3. 14. března vstoupil do českých... Monty Python a Svatý Grál 0
4. Některé provozovny jistého řet... McDonald's 1
5. Český útočník Patrik Schick se... Karabach 1
6. Téma začneme v Evropě. Seřaďte... 1C 2B 3A 4D 1
7. Vůdcem Kuby byl několik deseti... Raúl 1
8. Které z těchto zvířat nežije p... C 1
9. Celkově kolikátou nejlidnatějš... 4. nejlidnatější 0
10. Jak se jmenuje ostrovní stát,... Tonga 0